| 000 | 00909nac a22002651u 4500 | ||
|---|---|---|---|
| 999 |
_c243 _d243 |
||
| 003 | EG-ScBUE | ||
| 005 | 20210227091713.0 | ||
| 008 | 110505s1989 le f 000 11eeng d | ||
| 040 |
_aEG-ScBUE _beng _erda _cEG-ScBUE _dEG-ScBUE |
||
| 082 | 0 | 4 |
_a823.8 _bHAR _222 |
| 100 | 1 |
_aHardy, Thomas, _d1840-1928, _eauthor. _923607 |
|
| 245 | 1 | 0 |
_aFar from the Madding Crowd : _bwith an introduction, a guide, notes and a glossary / _cThomas Hardy. |
| 264 | 1 |
_aBeirut : _bYork Press, _c[1989] |
|
| 264 | 4 | _cc1989 | |
| 300 |
_axxviii, 412 pages ; _c18 cm. |
||
| 336 |
_2rdacontent _atext _btxt |
||
| 337 |
_2rdamedia _aunmediated _bn |
||
| 338 |
_2rdacarrier _avolume _bnc |
||
| 490 | 0 | _aYork classics | |
| 650 | _2BUEsh | ||
| 651 | 4 |
_923613 _aEngland _xSocial life and customs _y19th century _vFiction. _2BUEsh |
|
| 653 |
_bHHUUEENN _cFebruary2021 |
||
| 655 |
_vReading book _934232 |
||
| 942 |
_cBB _k823.8 HAR _2ddc |
||